| 000 | 00673nam a2200181Ia 4500 | ||
|---|---|---|---|
| 008 | 210423s2006 xx 000 0 und d | ||
| 020 | _a0-19-517868-8 | ||
| 041 | _aeng | ||
| 082 | _a541.394 ROSD | ||
| 100 | _aROSS (John);SCHREIBER (Igor);VLAD (Marcel O). | ||
| 245 | _aDetermination of complex reaction mechanisms: analysis of chemical biological and genetic networks. | ||
| 260 |
_aOxford _bOxford University Press _c2006 |
||
| 300 |
_aix,226 _bPB |
||
| 365 |
_b6233.5 _cUSD |
||
| 650 | _aChemistry | ||
| 650 | _aPhysical & Theoretical Chemistry | ||
| 906 | _aanalysis ; biological ; chemical ; complex ; Determination ; genetic ; mechanisms: ; networks. ; reaction | ||
| 999 |
_c165142 _d165142 |
||